| 000 | 00833nam a22002417a 4500 | ||
|---|---|---|---|
| 003 | OSt | ||
| 005 | 20250701100136.0 | ||
| 008 | 250701b |||||||| |||| 00| 0 eng d | ||
| 020 | _a9798985147049 (paperback) | ||
| 040 |
_aNUST _beng _cNUST _dNUST _erda |
||
| 050 | _aBD312 SMI | ||
| 100 |
_aSmith, Wolfgang _eAuthor |
||
| 245 |
_aPhysics : _bA science in quest of an ontology / _cwolfgangn Smith |
||
| 260 |
_a[ ] _bPhilos-sophia initiative Foundation, _c©2022. |
||
| 300 |
_axi, 100 pages _c22 cm. |
||
| 336 |
_2rdamedia _atext _btxt |
||
| 337 |
_2rdamedia _aunmediated _bn |
||
| 338 |
_2rdamedia _avolume _bnc |
||
| 504 | _aIncludes index of names. | ||
| 650 | _vPhilosophy & psychology Metaphysics Ontology. | ||
| 650 | _v Philosophy, Psychology and Religion. | ||
| 942 |
_2lcc _cBOOKS _hBD312 SMI _kBD _mSMI _n0 |
||
| 999 |
_c172149 _d172149 |
||